| 000 | 00508nam a2200157Ia 4500 | ||
|---|---|---|---|
| 005 | 20250424120252.0 | ||
| 008 | 250424s9999 xx 000 0 und d | ||
| 022 | _a23159987 | ||
| 050 | _aRC 1015 .A37/ | ||
| 245 | 0 | _aJournal of African Association of physiological sciences | |
| 260 | _aKano, Nigeria | ||
| 260 | _c2021 | ||
| 300 | _a67 p. :ill. ; 28 cm. | ||
| 650 | _aUnderwater physiology--Congresses. Deep diving--Physiological aspects--Congresses. Underwater exploration--Congresses. | ||
| 942 | _cSR | ||
| 999 |
_c38346 _d38346 |
||